Music Quiz

Random Music Quiz

Different Artists, Same Album Title Quiz Stats

 Plays Quiz not verified by Sporcle

Score 0/33 Timer 12:00
0 Plays Today
Album Artists % Correct
Let it BeThe Beatles
88.3%
GenesisGenesis
76.6%
AnimalsPink Floyd
49.2%
Rated RQueens of the Stone Age
38.3%
Rated RRihanna
36.7%
DiscoveryDaft Punk
33.6%
Let it BeThe Replacements
24.2%
IndestructibleDisturbed
18%
RebirthLil' Wayne
13.3%
ScreamOzzy Osbourne
10.9%
DiscoveryElectric Light Orchestra
10.9%
New WaveAgainst Me!
8.6%
ScreamChris Cornell
7%
XINXS
7%
IndestructibleRancid
5.5%
OvercomeAll That Remains
4.7%
XDef Leppard
4.7%
Album Artists % Correct
FloatFlogging Molly
3.9%
FloatAesop Rock
2.3%
New WaveThe Auteurs
2.3%
ScreamTokio Hotel
2.3%
StampedeHellyeah
2.3%
XKylie Minogue
2.3%
RebirthJennifer Lopez
2.3%
GenesisBusta Rhymes
2.3%
OvercomeAlexandra Burke
1.6%
StampedeThe Doobie Brothers
1.6%
AnimalsThis Town Needs Guns
0.8%
Black and WhiteThe Stranglers
0.8%
Black and WhiteThe Maine
0.8%
StampedeChris LeDoux
0%
True LoveCrystal Gayle
0%
True LovePat Benatar
0%

You're not logged in!

Compare scores with friends on all Sporcle quizzes.
OR
Log In

You Might Also Like...

Show Comments

Extras

Created Aug 10, 2010ReportNominate

Top Quizzes Today


Score Distribution

Your Account Isn't Verified!

In order to create a playlist on Sporcle, you need to verify the email address you used during registration. Go to your Sporcle Settings to finish the process.

Report this User

Report this user for behavior that violates our Community Guidelines.

Details: